[Event "Défi"]
[Site "www.echecsemail.com"]
[Date "2026.01.22"]
[Round "1"]
[White "Lancov"]
[Black "Sarkus"]
[WhiteElo "1930"]
[BlackElo "2050"]
[Result "0-1"]
1.e4 e5
2.Ng1f3 Nb8c6
3.d4 exd4
4.Bf1c4 Bf8c5
5.c3 Ng8f6
6.O-O Nf6xe4
7.Nf3xd4 d5
8.Bc4b3 Nc6e7
9.Nb1d2 Ne4d6
10.Nd2f3 O-O
11.Bc1g5 c6
12.Bb3c2 f6
13.Bg5h4 Bc8g4
14.h3 Bg4f5
15.b4 Bc5b6
16.Bc2b3 Qd8d7
17.Nd4e2 a5
18.a3 axb4
19.axb4 Ra8xa1
20.Qd1xa1 Ne7g6
21.Bh4g3 Nd6e4
22.Nf3d4 Bf5xh3
23.gxh3 Qd7xh3
24.Qa1d1 Rf8e8
25.b5 h5
26.bxc6 Bb6xd4
27.Bb3xd5 Kh8
28.Qd1xd4 Ne4xg3
29.Ne2xg3 bxc6
30.Bd5f7 Ng6h4
31.Qd4xh4 Qh3xh4
32.Bf7xe8 Qh4g5
33.Be8xh5 f5
{ abandon }0-1

[Event "Tournoi n27389"]
[Site "www.echecsemail.com"]
[Date "2026.01.22"]
[Round "1"]
[White "Vvvv"]
[Black "Legrillon"]
[WhiteElo "1720"]
[BlackElo "1750"]
[Result "1-0"]
1.e4 e5
2.Ng1f3 d6
3.d4 Bc8g4
4.dxe5 Bg4xf3
5.gxf3 dxe5
6.Qd1xd8 Kxd8
7.Bf1h3 Ng8f6
8.Bc1g5 Bf8e7
9.Nb1c3 c6
10.O-O-O Nb8d7
11.Bg5xf6 Ke8
12.Bf6xe7 Kxe7
13.Rd1xd7 Kf6
14.Rh1d1 g6
15.Rd1d6 Kg7
16.Bh3e6 Rh8f8
17.Rd7xb7 Kg8
18.Be6b3 a5
19.Rd6xc6 { abandon }1-0

[Event "Défi( 10J+24H/c 10J Max )"]
[Site "www.echecsemail.com"]
[Date "2026.01.22"]
[Round "1"]
[White "Dan84"]
[Black "Rocinante"]
[WhiteElo "1610"]
[BlackElo "1570"]
[Result "1-0"]
1.e4 e5
2.d4 exd4
3.Qd1xd4 Nb8c6
4.Qd4d2 Ng8f6
5.Qd2f4 d5
6.e5 Nf6e4
7.a3 Ne4c5
8.g3 Bc8e6
9.Qf4e3 Qd8e7
10.b4 Nc5d7
11.c3 Nc6xe5
12.f4 Ne5g4
13.Qe3f3 Be6f5
14.Kd1 Nd7f6
15.Nb1d2 O-O-O
16.Ng1e2 Qe7d7
17.Ne2d4 Qd7a4
18.Nd2b3 Bf5e4
19.Qf3e2 Be4xh1
20.h3 Ng4h6
21.Qe2h2 Bh1e4
22.Bf1b5 Be4f3
23.Kc2 Bf3e4
24.Kb2 Qa4xb5
25.Nd4xb5 Nh6f5
26.Qh2f2 b6
27.Nb5xa7 Kd7
28.Na7b5 c6
29.Nb5d4 Nf5d6
30.Nb3d2 Bf8e7
31.Nd2xe4 Nd6xe4
32.Qf2e3 Ne4d6
33.Kb3 Rh8e8
34.Qe3f3 Rd8a8
35.g4 Nf6e4
36.g5 b5
37.h4 g6
38.h5 Nd6c4
39.Kc2 f6
40.gxf6 Be7xf6
41.hxg6 hxg6
42.Qf3g4 Kd6
43.Qg4xg6 Re8f8
44.Kd3 Ra8e8
45.f5 Ne4f2
46.Kc2 Re8e4
47.Qg6g3 { abandon }1-0

[Event "Tournoi n27389"]
[Site "www.echecsemail.com"]
[Date "2026.01.22"]
[Round "1"]
[White "Legrillon"]
[Black "Titi050"]
[WhiteElo "1750"]
[BlackElo "1800"]
[Result "0-1"]
1.e4 e6
2.d4 d5
3.e5 c5
4.Ng1f3 cxd4
5.Qd1xd4 Nb8c6
6.Qd4d1 Ng8e7
7.Bc1g5 h6
8.Bg5xe7 Bf8xe7
9.Bf1b5 Bc8d7
10.O-O Nc6xe5
11.Bb5xd7 Ne5xd7
12.Qd1d4 Nd7f6
13.Nb1d2 O-O
14.Nf3e5 a6
15.f3 Ra8c8
16.c3 Be7c5
{ abandon }0-1

[Event "Eq:Les Gens du Sud-au plaisir du jeux  :"]
[Site "www.echecsemail.com"]
[Date "2026.01.22"]
[Round "1"]
[White "Tolia59"]
[Black "39wx"]
[WhiteElo "2010"]
[BlackElo "1590"]
[Result "1-0"]
1.e4 e5
2.Ng1f3 Nb8c6
3.d4 exd4
4.Bf1c4 d6
5.c3 Bc8e6
6.Bc4xe6 fxe6
7.Qd1b3 Qd8d7
8.Qb3xb7 Ra8b8
9.Qb7a6 Rb8b6
10.Qa6e2 e5
11.O-O Ng8f6
12.cxd4 Nc6xd4
13.Nf3xd4 exd4
14.Nb1a3 Bf8e7
15.Na3c4 Rb6b8
16.e5 dxe5
17.Nc4xe5 Qd7d6
18.Ne5c4 Qd6d7
19.Rf1e1 Nf6d5
20.Bc1g5 O-O
21.Bg5xe7 Rf8e8
22.Qe2d2 Re8xe7
23.Qd2xd4 Re7xe1
24.Ra1xe1 Qd7b5
25.Qd4e4 Qb5d7
26.h3 Nd5f6
27.Qe4e7 Qd7xe7
28.Re1xe7 Rb8c8
29.Nc4e5 Nf6d5
30.Ne5c6 Kf8
31.Re7d7 Nd5f6
32.Rd7d8 Rc8xd8
33.Nc6xd8 Ke7
34.Nd8c6 Kd6
35.Nc6xa7 c5
36.Kf1 Nf6d5
37.Na7b5 Kc6
38.Nb5c3 Nd5xc3
39.bxc3 Kd5
40.Ke2 Kc4
41.Kd2 g6
42.f4 h6
43.g4 { abandon }1-0

[Event "Défi"]
[Site "www.echecsemail.com"]
[Date "2026.01.22"]
[Round "1"]
[White "Verson"]
[Black "Chomi64"]
[WhiteElo "1770"]
[BlackElo "1780"]
[Result "1-0"]
1.d4 e5
2.e3 d5
3.dxe5 Nb8c6
4.Ng1f3 Bc8g4
5.Bf1b5 Ng8e7
6.Nb1d2 Ne7g6
7.h3 Bg4xf3
8.Nd2xf3 a6
9.Bb5a4 b5
10.Ba4b3 Ng6e7
11.O-O Nc6a5
12.c3 Na5xb3
13.Qd1xb3 g6
14.Rf1d1 Qd8c8
15.Bc1d2 Bf8g7
16.Qb3b4 Ne7c6
17.Qb4b3 Qc8e6
18.Nf3d4 Qe6d7
19.f4 Nc6e7
20.Qb3c2 c5
21.Nd4f3 Ra8c8
22.Bd2e1 Ne7f5
23.e4 Nf5e3
24.Qc2d2 Ne3xd1
25.Ra1xd1 f6
26.exf6 Bg7xf6
27.exd5 O-O
28.Be1f2 c4
29.Nf3e5 Qd7d6
30.Ne5g4 Bf6g7
31.Bf2g3 Qd6b6
32.Kh2 Rc8d8
33.Ng4e5 Rd8d6
34.Ne5c6 Rd6d7
35.Qd2e2 Qb6c5
36.Qe2e6 Rf8f7
37.Nc6e5 Rd7e7
38.Qe6g4 Rf7f6
39.Ne5d7 Qc5e3
40.Nd7xf6 Bg7xf6
41.d6 Re7e8
42.f5 Re8e4
43.Qg4f3 Qe3xf3
44.gxf3 Re4e2
45.Kg1 Re2xb2
46.fxg6 hxg6
47.d7 Bf6d8
48.Rd1e1 Kf7
49.Re1e8 Bd8b6
50.Kf1 Rb2d2
51.Re8b8 Bb6a5
52.Rb8b7 Ke6
53.Rb7a7 Ba5d8
54.Ra7xa6 Kxd7
55.Ra6xg6 Rd2xa2
56.h4 Ra2c2
57.Bg3e5 Bd8xh4
58.f4 Rc2b2
59.Rg6b6 Bh4f2
60.Rb6d6 Ke7
61.Rd6d1 Bf2c5
62.Be5d4 Bc5d6
63.Rd1e1 Kf7
64.f5 Bd6f4
65.Re1e2 Rb2b1
66.Kf2 Bf4g5
67.Kf3 Bg5f6
68.Bd4xf6 Kxf6
69.Ke4 Rb1f1
70.Kd5 Rf1xf5
71.Kd4 Kf7
72.Re2e5 Kf6
73.Re5xf5 Kxf5
74.Kc5 Ke4
75.Kxb5 Kd3
76.Kb4 { abandon }1-0

[Event "Défi( 10J+24H/c 10J Max )"]
[Site "www.echecsemail.com"]
[Date "2026.01.22"]
[Round "1"]
[White "Pascalou50"]
[Black "Hberlioz"]
[WhiteElo "1830"]
[BlackElo "1670"]
[Result "1-0"]
1.d4 d5
2.Ng1f3 Bc8g4
3.h3 Bg4xf3
4.exf3 Ng8f6
5.Bf1d3 Nb8c6
6.c3 e5
7.Bc1e3 e4
8.fxe4 dxe4
9.Bd3b5 Qd8d6
10.Nb1d2 a6
11.Nd2c4 Qd6d7
12.Nc4e5 Qd7e6
13.Bb5xc6 bxc6
14.Qd1a4 Qe6c8
15.Qa4xc6 Ke7
16.Be3g5 h6
17.Bg5xf6 gxf6
18.Ne5g4 Bf8g7
19.Qc6xe4 Qc8e6
20.Qe4xe6 fxe6
21.O-O-O f5
22.Ng4e3 Rh8d8
23.Rh1e1 h5
24.Ne3xf5 Kf6
25.Nf5xg7 Rd8d6
26.Ng7xh5 Ke7
27.g4 Ra8h8
28.Nh5f4 Kd7
29.Re1e3 Rh8d8
30.Rd1e1 Kc8
31.Re3xe6 { abandon }1-0

[Event "Défi( 10J+24H/c 10J Max )"]
[Site "www.echecsemail.com"]
[Date "2026.01.23"]
[Round "1"]
[White "Poison"]
[Black "Anumisme"]
[WhiteElo "1100"]
[BlackElo "1190"]
[Result "0-1"]
1.e4 e5
2.Nb1c3 c6
3.Ng1f3 Ng8f6
4.Nf3xe5 Bf8d6
5.Ne5g4 h5
6.Ng4e3 Bd6b4
7.Ne3f5 O-O
8.a3 Bb4a5
9.Bf1e2 Kh7
10.Nf5d6 b5
11.b4 Ba5c7
12.Nd6f5 d5
13.O-O Bc8xf5
14.exf5 Qd8d6
15.Be2f3 Qd6xh2
0-1

[Event "Défi( 10J+24H/c 10J Max )"]
[Site "www.echecsemail.com"]
[Date "2026.01.23"]
[Round "1"]
[White "Poison"]
[Black "Minon"]
[WhiteElo "1080"]
[BlackElo "1940"]
[Result "0-1"]
1.e4 e5
2.Nb1c3 Ng8f6
3.Bf1d3 Bf8c5
4.Ng1f3 Nb8c6
5.Bd3b5 Qd8e7
6.Bb5xc6 dxc6
7.O-O Bc8g4
8.Qd1e2 O-O
9.Nc3a4 Ra8d8
10.Qe2c4 b5
11.Qc4b3 bxa4
12.Qb3c3 Nf6xe4
13.Qc3e3 Bc5xe3
14.dxe3 Bg4xf3
15.b3 Qe7g5
16.bxa4 Qg5xg2
0-1

[Event "Défi"]
[Site "www.echecsemail.com"]
[Date "2026.01.23"]
[Round "1"]
[White "Maximax"]
[Black "Marcol"]
[WhiteElo "1190"]
[BlackElo "1020"]
[Result "0-1"]
1.e4 e5
2.Ng1f3 d6
3.d4 exd4
4.Qd1xd4 Bc8g4
5.Bf1e2 Nb8c6
6.Qd4d5 Nc6e7
7.Qd5xb7 Ra8b8
8.Qb7xa7 Rb8a8
9.Qa7d4 c5
10.Qd4c4 Ne7c6
11.Qc4d5 Nc6b4
12.Qd5c4 Nb4xa2
13.Ra1xa2 Ra8xa2
14.Qc4xa2 Bg4e6
15.Qa2a3 Ng8f6
16.Qa3a4 Be6d7
17.Qa4c4 Qd8b8
18.Nf3g5 h6
19.Qc4xf7 Kd8
20.Qf7g6 Qb8b4
21.c3 Qb4b6
22.Ng5f7 Kc7
23.Nf7xh8 Qb6a6
24.Be2xa6 Kb6
 { temps }0-1

[Event "Défi( 10J+24H/c 10J Max )"]
[Site "www.echecsemail.com"]
[Date "2026.01.23"]
[Round "1"]
[White "Maximax"]
[Black "Anumisme"]
[WhiteElo "1180"]
[BlackElo "1220"]
[Result "0-1"]
1.e4 e5
2.Ng1f3 Nb8c6
3.c3 Bf8c5
4.Qd1e2 d6
5.Qe2d3 a6
6.Qd3c4 b5
7.Qc4d5 Bc8d7
8.Bf1e2 h6
9.O-O Ng8f6
10.Qd5b3 Nf6xe4
11.c4 Qd8f6
12.Kh1 Bd7e6
13.d3 b4
14.dxe4 Bc5b6
15.a3 a5
16.a4 g5
17.Nb1d2 Bb6d4
18.h3 O-O
19.Qb3d3 Kg7
20.Ra1b1 Ra8b8
 { temps }0-1

[Event "Transval"]
[Site "www.echecsemail.com"]
[Date "2026.01.23"]
[Round "1"]
[White "Cramsnellac"]
[Black "Karting"]
[WhiteElo "1700"]
[BlackElo "1590"]
[Result "0-1"]
1.Ng1f3 d5
2.d4 Ng8f6
3.e3 c6
4.Bf1d3 Nb8d7
5.O-O Qd8c7
6.Nb1d2 e5
7.dxe5 Nd7xe5
8.Nf3xe5 Qc7xe5
9.Nd2f3 Qe5c7
10.Rf1e1 Bf8d6
11.e4 dxe4
12.Bd3xe4 O-O
 { temps }0-1

[Event "La Diagonale du fou 8"]
[Site "www.echecsemail.com"]
[Date "2026.01.23"]
[Round "1"]
[White "Filosofia"]
[Black "Blackbishop"]
[WhiteElo "2060"]
[BlackElo "1820"]
[Result "0-1"]
1.Ng1f3 Ng8f6
2.b3 g6
3.Bc1b2 Bf8g7
4.e3 d6
5.Bf1e2 O-O
6.O-O e5
7.c4 b6
8.d3 Bc8e6
9.Nb1d2 Nb8c6
10.a3 a5
11.Qd1c2 Qd8c8
12.d4 exd4
13.exd4 d5
14.Nf3e5 Qc8b7
15.Be2f3 Nc6xe5
16.dxe5 Nf6d7
17.Rf1e1 c6
18.Qc2c3 b5
19.cxb5 Qb7xb5
20.Bf3e2 Qb5b8
21.f4 c5
22.a4 d4
23.Qc3d3 Nd7b6
24.Ra1b1 Be6f5
25.Nd2e4 Qb8b7
26.Be2f3 Qb7b8
27.g4 Bf5xe4
28.Bf3xe4 Ra8a7
 { temps }0-1

[Event "Défi( 10J+24H/c 10J Max )"]
[Site "www.echecsemail.com"]
[Date "2026.01.23"]
[Round "1"]
[White "Poison"]
[Black "Minon"]
[WhiteElo "1080"]
[BlackElo "1940"]
[Result "0-1"]
1.e4 e5
2.Nb1c3 Ng8f6
3.Ng1f3 Bf8b4
4.Bf1e2 d6
5.a3 Bb4xc3
6.dxc3 O-O
7.Bc1d2 Nf6xe4
8.Be2d3 Ne4xd2
9.Qd1xd2 Bc8e6
10.O-O f6
11.Bd3b5 c6
12.Bb5a4 b5
13.Ba4b3 Be6xb3
14.cxb3 d5
15.a4 Nb8d7
16.c4 Nd7c5
17.cxd5 Nc5xb3
18.Qd2b4 Nb3xa1
19.Rf1xa1 a5
20.Qb4e4 Qd8xd5
21.Qe4xd5 cxd5
22.axb5 d4
23.Nf3d2 Rf8c8
24.f3 Rc8c2
25.Nd2c4 Rc2xc4
26.b3 Rc4b4
27.b6 Rb4xb6
28.Ra1d1 Rb6xb3
29.h3 d3
30.Rd1f1 Ra8c8
31.h4 d2
32.Kh2 Rc8c1
33.Rf1f2 d1Q
34.f4 Qd1h1
0-1

[Event "Eq:modesty-Royal Kids :"]
[Site "www.echecsemail.com"]
[Date "2026.01.23"]
[Round "1"]
[White "Uliczny"]
[Black "Thierry7ardeche"]
[WhiteElo "1700"]
[BlackElo "2090"]
[Result "0-1"]
1.e4 d6
2.d4 Ng8f6
3.Nb1c3 c6
4.Bc1f4 Nb8d7
5.Ng1f3 Qd8a5
6.Bf1d3 e5
7.dxe5 dxe5
8.Bf4g3 Bf8b4
9.Qd1d2 O-O
10.a3 Bb4xc3
11.Qd2xc3 Qa5xc3
 { temps }0-1

[Event "Tournoi n27391"]
[Site "www.echecsemail.com"]
[Date "2026.01.23"]
[Round "1"]
[White "Wenoketo"]
[Black "Hyden"]
[WhiteElo "1650"]
[BlackElo "1699"]
[Result "1-0"]
1.d4 d5
2.Ng1f3 Ng8f6
3.Bc1f4 c5
4.dxc5 e6
5.Nb1c3 Bf8xc5
6.e3 Nb8d7
7.h3 O-O
8.Bf1e2 a6
9.O-O b5
10.a3 Bc8b7
11.Nc3a2 Rf8e8
12.c3 e5
13.Bf4h2 Qd8b6
14.Ra1c1 Ra8c8
15.Nf3d2 Re8e6
16.Rc1c2  { temps }1-0

[Event "Défi"]
[Site "www.echecsemail.com"]
[Date "2026.01.23"]
[Round "1"]
[White "Chobi"]
[Black "Vvvv"]
[WhiteElo "1770"]
[BlackElo "1740"]
[Result "1-0"]
1.e4 c5
2.Bf1c4 e6
3.Ng1f3 Nb8c6
4.O-O d6
5.a3 Ng8f6
6.d3 g6
7.h3 Bf8g7
8.Bc1g5 O-O
9.Nb1d2 a6
10.Bc4a2 b5
11.Ra1b1 a5
12.Nf3h2 a4
13.Nh2g4 Nc6e5
14.Ng4xe5 dxe5
15.Qd1e1 Qd8c7
16.Bg5xf6 Bg7xf6
17.Nd2f3 Bc8b7
18.Qe1c1 Kg7
19.Nf3h2 Qc7d8
20.Nh2g4 Bf6g5
21.Qc1e1 Ra8a6
22.Ng4xe5 f5
23.exf5 gxf5
24.Qe1e2 Qd8e8
25.Rb1d1 Bb7d5
26.c4 bxc4
27.dxc4 Bd5e4
28.Ba2b1 Be4xb1
29.Rd1xb1 Ra6d6
30.g3 Rd6d2
31.Qe2e1 Bg5h6
32.Ne5f3 Rd2c2
33.Qe1e5 Rf8f6
34.Qe5xc5 Rc2e2
35.Nf3e5 Bh6d2
36.Qc5c7 Kh6
37.Ne5f3 Rf6f7
38.Qc7b6 Bd2f4
39.gxf4 Rf7g7
40.Kh2 Qe8h5
41.Nf3g1 Re2e4
42.f3 Qh5g6
43.Qb6f2 Re4xc4
44.Qf2h4 Qg6h5
45.Qh4xh5 Kxh5
46.Ng1e2 Kh4
47.Rf1f2 Rg7g3
48.Ne2xg3 Rc4xf4
49.Rb1e1 { abandon }1-0

[Event "Eq:Fair play-Royal Kids :"]
[Site "www.echecsemail.com"]
[Date "2026.01.23"]
[Round "1"]
[White "Uliczny"]
[Black "Warriorette"]
[WhiteElo "1700"]
[BlackElo "2100"]
[Result "0-1"]
1.e4 e5
2.Ng1f3 Nb8c6
3.Bf1b5 Ng8f6
4.O-O Bf8c5
5.Nb1c3 d6
6.h3 Bc8e6
7.d3 h6
8.Bc1e3 Bc5b6
9.Qd1d2 Bb6xe3
10.fxe3 O-O
11.Ra1e1 Nc6e7
12.Bb5a4 c6
13.Qd2f2 Qd8c7
14.Ba4b3 Ra8d8
15.Nf3h2 d5
16.exd5 cxd5
17.e4 a6
18.exd5 Ne7xd5
19.Nc3xd5 Be6xd5
20.Bb3xd5 Nf6xd5
 { temps }0-1

[Event "Défi( 10J+24H/c 10J Max )"]
[Site "www.echecsemail.com"]
[Date "2026.01.23"]
[Round "1"]
[White "Plaisance"]
[Black "Walnux"]
[WhiteElo "1950"]
[BlackElo "1870"]
[Result "1-0"]
1.d4 d5
2.Ng1f3 Ng8f6
3.e3 Nf6e4
4.Bf1d3 f5
5.Nf3e5 g6
6.f3 Ne4f6
7.Nb1d2 Nb8d7
8.Qd1e2 Nd7xe5
9.dxe5 Nf6h5
10.f4 e6
11.Nd2f3 Bc8d7
12.Bc1d2 Bf8c5
13.O-O-O Qd8e7
14.Bd3b5 a6
15.Bb5d3 Bd7c6
16.Nf3d4 Bc6d7
17.Qe2f2 Bc5a7
18.Bd3e2 Nh5g7
19.g4 O-O-O
20.Rh1g1 c5
21.gxf5 Ng7xf5
22.Nd4xf5 gxf5
23.Rg1g3 Bd7c6
24.Rd1g1 Qe7h4
25.Qf2g2 d4
26.Be2f3 Bc6xf3
27.Rg3xf3  { temps }1-0

[Event "Défi"]
[Site "www.echecsemail.com"]
[Date "2026.01.23"]
[Round "1"]
[White "Patau"]
[Black "Berjay"]
[WhiteElo "1700"]
[BlackElo "1710"]
[Result "1-0"]
1.e4 e5
2.Ng1f3 Nb8c6
3.c3 Bf8c5
4.Nf3xe5 Bc5xf2
5.Kxf2 Nc6xe5
6.d4 Qd8h4
7.Kg1 Ne5g4
8.Qd1f3 Ng8f6
9.h3 Ng4h6
10.Nb1d2 d6
11.e5 a6
12.exf6 gxf6
13.Nd2e4 f5
14.Ne4g3 Rh8g8
15.Kh2 Bc8d7
16.Bc1f4 O-O-O
17.Bf1d3 Nh6g4
18.Kg1 Ng4e5
19.Bf4xe5 dxe5
20.Ng3xf5 Qh4f6
21.dxe5 Qf6b6
22.Kh2 Qb6xb2
23.Nf5e7 Kb8
24.Ra1b1 Qb2xg2
25.Qf3xg2 Rg8xg2
26.Kxg2 h6
27.Bd3e4 b6
28.Ne7c6 Bd7xc6
29.Be4xc6 Rd8d2
30.Kf3 Rd2xa2
31.Bc6d5 Ra2a3
32.Rb1b3 Ra3a5
33.c4 Ra5a2
34.Rh1g1 a5
35.Rg1g8 { abandon }1-0

[Event "Tournoi n27370"]
[Site "www.echecsemail.com"]
[Date "2026.01.23"]
[Round "1"]
[White "Jyfsk"]
[Black "Pitouwb"]
[WhiteElo "1780"]
[BlackElo "1580"]
[Result "1-0"]
1.e4 e5
2.d4 exd4
3.Qd1xd4 Nb8c6
4.Qd4d1 Bf8c5
5.Ng1f3 Ng8f6
6.Bf1d3 h6
7.O-O  { temps }1-0

[Event "Défi( 10J+24H/c 10J Max )"]
[Site "www.echecsemail.com"]
[Date "2026.01.23"]
[Round "1"]
[White "Scipio"]
[Black "Mindthegap"]
[WhiteElo "1380"]
[BlackElo "1420"]
[Result "0-1"]
1.e4 e5
2.c4 Ng8f6
3.Nb1c3 Bf8c5
4.f3 Nf6h5
5.g3 Bc5e7
6.d4 Be7b4
7.a3 Bb4xc3
8.bxc3 d6
9.h4 Nh5xg3
10.Rh1h2 c5
11.Qd1a4 Nb8c6
12.Bf1d3 Bc8d7
13.Qa4c2 exd4
14.cxd4 Nc6xd4
15.Qc2c3 Qd8f6
16.Ra1a2 Nd4xf3
17.Kd1 Qf6xc3
18.Ng1xf3 Qc3xd3
19.Nf3d2 Bd7g4
20.Rh2e2 Bg4xe2
21.Ke1 O-O
22.a4 Ng3h1
23.h5 Qd3g3
24.Kxe2 Qg3f2
25.Kd3 Qf2d4
26.Kc2 Nh1f2
27.Kb1 Nf2xe4
28.Nd2f3 Ne4c3
29.Kc2 Qd4xc4
30.Ra2a3 Nc3b5
31.Kb2 Rf8e8
32.axb5 Re8e2
33.Nf3d2 Qc4xb5
34.Ka2 Ra8e8
35.Ra3xa7 Re2xd2
36.Bc1xd2 Qb5c4
37.Ka3 Qc4d3
38.Kb2 Qd3xd2
39.Kb3 Re8e3
40.Kc4 Qd2d3
0-1

[Event "Défi"]
[Site "www.echecsemail.com"]
[Date "2026.01.23"]
[Round "1"]
[White "Lamagouille"]
[Black "Arzbro"]
[WhiteElo "1530"]
[BlackElo "1530"]
[Result "0-1"]
1.d4 d5
2.Bc1f4 Ng8f6
3.e3 a6
4.Nb1d2 e6
5.Ng1f3 h6
6.Bf1d3 Bf8e7
7.Nf3e5 O-O
8.c3 c6
9.O-O b5
10.b4 a5
11.Qd1f3 Nf6h7
12.Bf4xh6 gxh6
13.Ne5g4 Be7g5
14.h4 Bg5xh4
15.Ng4xh6 Kh8
16.Bd3xh7 Kxh7
17.Nh6g4 Nb8d7
18.Qf3h3 Rf8g8
19.g3 Kg7
20.Ng4e5 Nd7xe5
21.gxh4 Kf8
22.Kh1 Qd8f6
23.Rf1g1 Rg8xg1
24.Ra1xg1 Ne5d3
25.Rg1f1 Ke7
26.Qh3g3 Kd7
27.e4 axb4
28.f4 Nd3b2
29.e5 Qf6h6
30.Nd2f3 bxc3
31.Rf1f2 Ra8xa2
32.Kg2 Ra2a1
33.Qg3g5 Qh6f8
34.h5 Nb2d3
35.Rf2c2 b4
36.f5 exf5
37.Qg5xf5 Kc7
38.Qf5f6 Bc8g4
39.Nf3g5 Nd3e1
40.Kg3 Ne1xc2
41.Kxg4 Nc2e3
42.Kf4 c2
43.Kxe3 c1Q
44.Kf3 Qc1f1
45.Kg4 Qf1xf6
46.exf6 Qf8c8
47.Kf4 Ra1f1
48.Ke5 Qc8f5
0-1

[Event "Tetraktus 103"]
[Site "www.echecsemail.com"]
[Date "2026.01.23"]
[Round "1"]
[White "Karkaskat"]
[Black "Intrigue"]
[WhiteElo "2060"]
[BlackElo "1760"]
[Result "1-0"]
1.e4 e6
2.d4 d5
3.e5 c5
4.c3 cxd4
5.cxd4 Qd8b6
6.Ng1f3 Nb8c6
7.Bf1d3 Bc8d7
8.Bd3c2 Nc6b4
9.a3 Nb4xc2
10.Qd1xc2 Ra8c8
11.Qc2d1 Bd7b5
12.Nb1c3 Ng8e7
13.Nc3xb5 Qb6xb5
14.Qd1e2 Qb5a4
15.O-O Ne7g6
16.Bc1g5 Bf8e7
17.Rf1c1 O-O
18.h4 h6
19.Bg5xe7 Ng6xe7
20.g4 Ne7c6
21.Qe2d2 b6
22.Rc1c3 Nc6a5
23.Rc3xc8 Rf8xc8
24.Ra1c1 Rc8xc1
25.Qd2xc1 Na5c4
26.Nf3d2 b5
27.Kg2 a5
28.Kg3 Nc4xd2
29.Qc1xd2 b4
30.axb4 Qa4xb4
31.Qd2xb4 axb4
32.f4 f6
33.Kf3 Kf7
34.Ke3 g5
35.hxg5 fxg5
36.fxg5 hxg5
37.Kd3 Ke7
38.Kc2 Kd7
39.Kb3 Kc6
40.Kxb4 Kb6
41.b3 Kc6
42.Ka5 Kb7
43.Kb5 Kc7
44.Ka6 Kb8
45.Kb6 { abandon }1-0

[Event "Défi( 10J+24H/c 10J Max )"]
[Site "www.echecsemail.com"]
[Date "2026.01.23"]
[Round "1"]
[White "Ephixe"]
[Black "Tunnellavage"]
[WhiteElo "1820"]
[BlackElo "1720"]
[Result "1-0"]
1.e4 e5
2.d3 Nb8c6
3.f4 exf4
4.Bc1xf4 g6
5.Nb1d2 Bf8g7
6.c3 d6
7.Ng1f3 Bc8g4
8.Qd1e2 Ng8e7
9.O-O-O a6
10.h3 Bg4e6
11.g4 Nc6a7
12.a3 Qd8d7
13.Bf1g2 Qd7a4
14.d4 O-O-O
15.Nf3g5 Be6a2
16.e5 Na7b5
17.Qe2e4 Ne7c6
18.Qe4c2 Qa4a5
19.Bg2xc6 bxc6
20.exd6 Nb5xd6
21.Nd2b3 Qa5a4
22.Nb3c5 Qa4xc2
23.Kxc2 Ba2c4
24.Bf4xd6 cxd6
25.Nc5b3 Rd8f8
26.Ng5e4 d5
27.Ne4d2 Kc7
28.Nd2xc4 dxc4
29.Nb3d2 f5
30.gxf5 Rf8xf5
31.Nd2xc4 Rh8f8
32.Nc4e3 Rf5f2
33.Rd1d2 Bg7h6
34.Rh1e1 Rf8f3
35.Rd2xf2 Rf3xf2
36.Kb1 Kb6
37.Ne3g4 Bh6d2
38.Re1e7 { abandon }1-0

[Event "La Diagonale du fou 9"]
[Site "www.echecsemail.com"]
[Date "2026.01.23"]
[Round "1"]
[White "Dameroi"]
[Black "Gimick"]
[WhiteElo "1850"]
[BlackElo "1540"]
[Result "1-0"]
1.e4 e5
2.Bf1c4 Ng8f6
3.d3 Bf8c5
4.Bc1e3 Bc5xe3
5.fxe3 d6
6.Ng1f3 h6
7.O-O Nb8c6
8.a3 O-O
9.Bc4a2 b5
10.Nb1c3 a6
11.Nc3d5 Bc8g4
12.Nd5xf6 Qd8xf6
13.Qd1e1 Nc6e7
14.Qe1g3 h5
15.Qg3h4 Qf6h6
16.Qh4g5 Qh6h7
17.h3 Bg4e6
18.Qg5xe7 Ra8c8
19.Ba2xe6 fxe6
20.Qe7xe6 Kh8
21.Nf3g5 Qh7g8
22.Rf1xf8 Rc8xf8
23.Qe6xg8 Kxg8
24.Ra1f1 Rf8e8
25.Rf1f7 c5
26.Rf7d7 a5
27.Rd7xd6 b4
28.axb4 cxb4
29.Rd6a6 { abandon }1-0

[Event "Tournoi n27344"]
[Site "www.echecsemail.com"]
[Date "2026.01.23"]
[Round "1"]
[White "Bylka"]
[Black "Vvvv"]
[WhiteElo "1770"]
[BlackElo "1700"]
[Result "1-0"]
1.e4 e5
2.Ng1f3 Nb8c6
3.c3 Bf8c5
4.d4 exd4
5.cxd4 Bc5b4
6.Nb1c3 Ng8f6
7.Bc1g5 h6
8.Bg5xf6 Qd8xf6
9.a3 Bb4xc3
10.bxc3 O-O
11.Bf1d3 d6
12.h3 Rf8e8
13.Bd3c2 b6
14.Qd1d3 Qf6g6
15.Nf3h4 Qg6h7
16.Qd3b5 Bc8b7
17.Qb5b1 Bb7c8
18.O-O Qh7h8
19.f4 Bc8a6
20.Rf1e1 Nc6a5
21.Qb1a2 Na5c4
22.Bc2b3 b5
23.a4 c6
24.axb5 Ba6xb5
25.Bb3xc4 Bb5xc4
26.Qa2xc4 Re8c8
27.Qc4a2 Kf8
28.Nh4f5 Rc8d8
29.e5 dxe5
30.fxe5 g6
31.Nf5d6 Qh8h7
32.Qa2a3 Kg8
33.Nd6e4 Qh7g7
34.Ne4f6 Kh8
35.Re1e3 { abandon }1-0

[Event "Défi"]
[Site "www.echecsemail.com"]
[Date "2026.01.23"]
[Round "1"]
[White "Turbo"]
[Black "Kerenor"]
[WhiteElo "1300"]
[BlackElo "1590"]
[Result "0-1"]
1.e4 e5
2.Ng1f3 d6
3.Bf1c4 h6
4.O-O a6
5.d3 Ng8f6
6.h3 Nb8c6
7.a3 Bc8e6
8.Bc4xe6 fxe6
9.b4 d5
10.exd5 Nf6xd5
11.c4 Nd5f6
12.Nf3h4 Nc6e7
13.Nb1c3 Ne7c6
14.Nc3e2 Qd8d7
15.Nh4g6 Rh8g8
16.f4 Nc6d4
17.Ne2xd4 Qd7xd4
18.Kh1 Qd4xa1
19.Qd1b3 Nf6h5
20.Kh2 O-O-O
21.Kg1 Qa1d4
22.Kh1 Nh5g3
23.Kh2 exf4
24.Rf1xf4 Qd4d6
25.c5 Qd6xd3
26.Qb3xe6 Kb8
27.Rf4f3 Ng3f1
28.Kg1 Qd3c2
29.Rf3xf1 Bf8xc5
30.Kh1 Bc5d6
31.Ng6f4 Rd8e8
32.Qe6d5 Re8d8
33.Nf4e6 Rd8e8
34.Rf1e1 Qc2f2
35.Re1e5 Bd6xe5
36.Qd5xe5 Qf2f1
37.Kh2 Qf1xc1
38.Qe5d5 Re8c8
39.Ne6c5 Qc1f4
40.Kg1 Qf4c1
41.Kh2 Qc1f4
42.Kg1 c6
43.Qd5e6 Qf4d4
44.Kh2 Rg8e8
45.Qe6g6 Re8d8
46.Qg6c2 Qd4f4
47.Kh1 Qf4f1
48.Kh2 Rd8d1
49.Nc5e4 Qf1f4
50.Ne4g3 Rd1d2
51.Qc2c3 g5
52.Qc3c5 Rd2d3
{ abandon }0-1

[Event "XERTIGNY  VOSGES"]
[Site "www.echecsemail.com"]
[Date "2026.01.23"]
[Round "1"]
[White "Intrigue"]
[Black "Casisimed"]
[WhiteElo "1720"]
[BlackElo "1620"]
[Result "1-0"]
1.e4 e5
2.Ng1f3 Ng8f6
3.Bf1c4 Bf8c5
4.Nf3g5 O-O
5.Nb1c3 h5
6.O-O Nf6g4
7.d3 d6
8.Qd1f3 Qd8f6
9.h3 Bc5xf2
10.Rf1xf2 Ng4xf2
11.Qf3xf6 gxf6
12.Kxf2 fxg5
13.Bc1xg5 Bc8e6
14.Bc4xe6 fxe6
15.Ke3 c6
16.b4 Nb8d7
17.a4 d5
18.exd5 exd5
19.g4 hxg4
20.hxg4 d4
21.Ke4 Rf8f2
22.Nc3a2 Rf2xc2
23.Bg5e7 Kf7
24.Be7h4 Rc2e2
25.Kf3 Re2e3
26.Kg2 Re3xd3
27.b5 c5
28.Ra1f1 Ke6
29.Na2c1 Nd7b6
30.Nc1xd3 Kd5
31.Rf1f5 Ke4
32.Nd3xe5 Ra8e8
33.Ne5g6 Nb6xa4
34.Rf5f4 Kd3
35.Bh4f2 Kc4
36.g5 Kxb5
37.Ng6h4 d3
38.Nh4f3 Na4c3
39.g6 Re8g8
40.Rf4g4 c4
41.Bf2d4 a5
42.Bd4xc3 a4
43.Nf3d4 Kc5
44.g7 b5
45.Kf2 b4
46.Rg4g5 Kd6
47.Bc3xb4 Kd7
48.Bb4f8 c3
49.Ke1 Ke8
50.Rg5a5 c2
51.Kd2 { abandon }1-0

[Event "XERTIGNY  VOSGES"]
[Site "www.echecsemail.com"]
[Date "2026.01.23"]
[Round "1"]
[White "Casisimed"]
[Black "Rachess"]
[WhiteElo "1620"]
[BlackElo "1560"]
[Result "0-1"]
1.e4 e5
2.Ng1f3 Ng8f6
3.Bf1c4 Nf6xe4
4.O-O d5
5.Bc4b3 Nb8c6
6.Rf1e1 Bf8c5
7.Nf3xe5 Nc6xe5
8.d4 Bc5b6
9.dxe5 Bb6xf2
10.Kf1 Qd8h4
11.Re1e2 Qh4xh2
12.Re2xf2 Qh2h1
13.Ke2 Bc8g4
14.Rf2f3 Qh1xg2
15.Ke3 Ne4g5
16.Kf4 Bg4xf3
17.Qd1d4 Ng5e6
{ abandon }0-1

[Event "Eq:Fair play-LES CHATTERBOX :"]
[Site "www.echecsemail.com"]
[Date "2026.01.23"]
[Round "1"]
[White "Warriorette"]
[Black "Onetwoyve"]
[WhiteElo "2100"]
[BlackElo "1890"]
[Result "1-0"]
1.e4 e5
2.Ng1f3 Ng8f6
3.Nf3xe5 d6
4.Ne5f3 Nf6xe4
5.d3 Ne4f6
6.Nb1c3 d5
7.d4 c6
8.Bf1d3 Bc8g4
9.O-O Bf8e7
10.Rf1e1 O-O
11.Bc1f4 Nf6h5
12.Bf4d2 Nb8d7
13.h3 Bg4e6
14.Nf3e5 Nh5f6
15.Qd1f3 Qd8c7
16.Qf3g3 Rf8e8
17.Re1e2 Be7f8
18.Ra1e1 c5
19.Bd3b5 a6
20.Ne5xd7 Nf6xd7
21.Qg3xc7 { abandon }1-0

[Event "Tournoi échelle champions"]
[Site "www.echecsemail.com"]
[Date "2026.01.23"]
[Round "1"]
[White "Domenico"]
[Black "Elghribi"]
[WhiteElo "1790"]
[BlackElo "1920"]
[Result "1-0"]
1.e4 d6
2.Bf1c4 Ng8f6
3.d3 g6
4.Ng1f3 Bf8g7
5.O-O e5
6.Nb1c3 h6
7.Bc1e3 O-O
8.d4 Nb8c6
9.dxe5 Nc6xe5
10.Nf3xe5 dxe5
11.Qd1e2 c6
12.Ra1d1 Qd8c7
13.f4 Bc8g4
14.Qe2f2 Bg4xd1
15.Rf1xd1 b6
16.f5 Nf6g4
17.Qf2e2 Ng4xe3
18.Qe2xe3 Kh7
19.fxg6 fxg6
20.Nc3e2 Ra8d8
21.Rd1e1 a5
22.Ne2g3 b5
23.Bc4d3 Rd8d7
24.h4 Rd7f7
25.h5 Rf7f4
26.hxg6 Kxg6
27.Ng3f5 Kh7
28.Qe3g3 Qc7f7
29.b3 Qf7h5
30.Qg3xg7 1-0

[Event "Coupe Niveau 3"]
[Site "www.echecsemail.com"]
[Date "2026.01.23"]
[Round "1"]
[White "Bertelsen"]
[Black "Tartu"]
[WhiteElo "1690"]
[BlackElo "1720"]
[Result "1/2-1/2"]
1.d4 Ng8f6
2.Nb1c3 d5
3.Ng1f3 c6
4.Bc1f4 Bc8f5
5.h3 Nb8d7
6.a3 a6
7.e3 h6
8.Bf1e2 e6
9.O-O Bf8e7
10.Nf3h2 O-O
11.f3 b5
12.Nc3a2 c5
13.c3 cxd4
14.cxd4 Ra8c8
15.g4 Bf5g6
16.Be2d3 Bg6xd3
17.Qd1xd3 Nd7b6
18.Rf1c1 Qd8d7
19.Rc1xc8 Rf8xc8
20.Ra1c1 Rc8xc1
21.Na2xc1 Be7d6
22.Bf4xd6 Qd7xd6
23.Kg2 e5
24.dxe5 Qd6xe5
25.Qd3d4 Qe5xd4
26.exd4 Kf8
27.Kf2 Ke7
28.b3 Kd6
29.Ke3 a5
30.Kd3 g5
31.Nh2f1 b4
32.a4 Ke6
33.Nf1e3 Nf6g8
34.Nc1e2 Nb6d7
35.Ne3f5 Nd7f6
36.Ne2c1 h5
37.Ke3 hxg4
38.hxg4 Ng8e7
39.Nf5g3 Nf6d7
40.Nc1d3 f6
{ nul }1/2-1/2